Welcome to the Holygrace Academy Library

Please use search bar below to get started

THE STORY OF GANDHI (Record no. 2160)

MARC details
000 -LEADER
fixed length control field 00376nam a22001457a 4500
020 ## - INTERNATIONAL STANDARD BOOK NUMBER
ISBN 978-81-7229-717-6
082 ## - DEWEY DECIMAL CLASSIFICATION NUMBER
Classification number 823
Item number DES/S
245 ## - TITLE STATEMENT
Title THE STORY OF GANDHI
Remainder of title STORY BOOK WITH PICTURE
246 ## - VARYING FORM OF TITLE
Title proper/short title THE STORY OF GANDHI
Remainder of title STORY BOOK WITH PICTURE
260 ## - PUBLICATION, DISTRIBUTION, ETC. (IMPRINT)
Place of publication MUMBAI
Name of publisher GANDHI BOOK CENTRE
300 ## - PHYSICAL DESCRIPTION
Number of Pages 120
520 ## - SUMMARY, ETC.
Summary, etc ABOUT GANDHI
650 ## - SUBJECT ADDED ENTRY--TOPICAL TERM
Topical Term ABOUT GANDHI
942 ## - ADDED ENTRY ELEMENTS (KOHA)
Koha item type Books
Holdings
Withdrawn status Lost status Collection code Home library Current library Shelving location Date acquired Source of acquisition Cost, normal purchase price Full call number Accession Number Koha item type
    Fiction Main Library Main Library SHELF 4-C HORRIBLE HISTORIES 16/12/2019 Purchase 250.00 823 DES/S 12355 Books